Lectures on Hyperbolic Geometry
Salvato in:
| Autori principali: | , |
|---|---|
| Natura: | Libro |
| Lingua: | inglese |
| Pubblicazione: |
Berlin, Germany
Springer
1992
|
| Serie: | Universitext
|
| Soggetti: | |
| Accesso online: | Disponible Online |
| Tags: |
Aggiungi Tag
Nessun Tag, puoi essere il primo ad aggiungerne!!
|
MARC
| LEADER | 00000cam a2200000 a 4500 | ||
|---|---|---|---|
| 001 | UCC8825 | ||
| 003 | CL-VaPUC | ||
| 005 | 20210619001408.0 | ||
| 008 | 190823e19920000gw |||||||||||||||||eng|d | ||
| 999 | |c 375075 |d 375073 | ||
| 020 | |a 9783540555346 | ||
| 040 | |c Pontificia Universidad Católica de Valparaíso | ||
| 082 | 0 | 4 | |a 516.9 BEN 1992 |2 21 |
| 100 | 0 | |a Benedetti, Riccardo |e author |9 308 | |
| 245 | 1 | 0 | |a Lectures on Hyperbolic Geometry |
| 260 | |a Berlin, Germany |b Springer |c 1992 | ||
| 300 | |a 330 páginas | ||
| 490 | 0 | |a Universitext | |
| 583 | |a last modification |c 20190823 13:21:00 |k Rodrigo Vera | ||
| 650 | 0 | |a Geometría no euclideana |2 CL-VaPUC |9 422133 | |
| 650 | 0 | |a Geometría hiperbólica |2 CL-VaPUC |9 426327 | |
| 650 | 0 | |a Geometría plana |9 265855 | |
| 700 | 0 | |a Petronio, Carlo |e author |9 603555 | |
| 856 | |u http://bibliografiadigital.pucv.cl.pucv.idm.oclc.org/index.php/bibliotecapucv/catalog/book/512 |y Disponible Online | ||
| 942 | |c BK |2 ddc | ||
| 945 | |d 20190823 13:21:00 |a dcastane | ||
| 952 | |0 0 |1 0 |2 ddc |3 erb |4 0 |6 516_900000000000000_BEN_1992 |7 0 |8 A |9 493964 |a BIBMAT |b BIBMAT |i 5559782 |l 2 |o 516.9 BEN 1992 |p 5559782 |r 2025-01-07 |s 2024-05-17 |w 2019-11-24 |y BK |z Catalogado en:20190823 |k MAT | ||